000 00570nam a2200205Ia 4500
005 20250923145145.0
008 008 250917s9999 xx 000 0 eng d
037 _aTextual
040 _aDSWL
_beng
_cDSWL
041 _aeng
_2eng
084 _ay3, N68
_qDSWL
100 _aGore, M.S.
_9832341
245 0 _aSocial Work and social work education
_cby M.S. Gore
260 _aBombay
_bAsia Publiing House
_c1965
300 _axvi,654p.
365 _aINR
_b18.00
925 _g18.00
942 _cTEXL
_hy3, N68
999 _c1447837
_d1447837